Visible Typing Challenge Quiz Stats

 Plays Quiz Updated May 5, 2015

Challenge
Share
Tweet
Embed
Score 0/52 Timer 01:00
0 Plays Today
Word Typed Word % Correct
allall
99.8%
boyboy
99.3%
carcar
98.9%
denden
98.7%
elkelk
98.4%
flewflew
98.1%
guruguru
97.8%
halthalt
97.5%
ibisibis
97.2%
jailjail
97%
knotknot
96.7%
lionlion
96.5%
manemane
96.3%
nosenose
96.1%
olderolder
95.9%
pursepurse
95.6%
quietquiet
95%
rangerange
94.6%
stealsteal
94.2%
toothtooth
93.8%
uvulauvula
93%
visorvisor
92.3%
whitewhite
91.6%
xeniaxenia
90.6%
yearlyyearly
89.4%
zombiezombie
88%
Word Typed Word % Correct
zebraszebras
86.2%
youthsyouths
84.7%
xebecsxebecs
81.9%
witherwither
80.2%
vipersvipers
78.2%
unclesuncles
76.1%
tryingtrying
73.9%
saviorsavior
70.8%
remarkremark
68.1%
qwertyqwerty
63.5%
partiesparties
60%
ontarioontario
56.4%
neitherneither
53.1%
mothersmothers
49.9%
likeablelikeable
45.4%
keystonekeystone
41.5%
jaundicejaundice
37.2%
investorinvestor
33.7%
hourglasshourglass
29.7%
graduallygradually
26%
fabricatefabricate
22.3%
excessiveexcessive
18.9%
dandelionsdandelions
16%
carburetorcarburetor
12.4%
basketballsbasketballs
9.9%
abbreviationabbreviation
7.8%

You're not logged in!

Compare scores with friends on all Sporcle quizzes.
OR
Log In

You Might Also Like...

Show Comments

Extras

Top Quizzes Today


Score Distribution

Your Account Isn't Verified!

In order to create a playlist on Sporcle, you need to verify the email address you used during registration. Go to your Sporcle Settings to finish the process.

Report this User

Report this user for behavior that violates our Community Guidelines.

Details: